| 000 | 00555 a2200193 4500 | ||
|---|---|---|---|
| 001 | 132829 | ||
| 003 | OSt | ||
| 005 | 20220225123157.0 | ||
| 008 | |||
| 020 | _a9780521645638 | ||
| 082 |
_a515.352 _bS92D |
||
| 100 | 1 | _aStuart, A M | |
| 245 | 1 |
_aDynamical systems and numerical analysis _cby A M Stuart and A R Humphries |
|
| 260 |
_aCambridge _bCambridge University Press _c2009 |
||
| 300 | _a685p. | ||
| 690 | _aDifferentiable dynamical systems; Numerical analysis | ||
| 700 | _aHumphries, A R | ||
| 942 |
_2ddc _cBK |
||
| 999 |
_c7174 _d7174 |
||